| 000 | 01249nam a2200289 i 4500 | ||
|---|---|---|---|
| 001 | 157757 | ||
| 003 | ES-MaACL | ||
| 005 | 20250811030349.0 | ||
| 008 | 000210s1889 sp |||| | spa d | ||
| 040 | _cES-MaACL | ||
| 100 | 1 |
_aLinares Rivas, Aureliano. _972354 _eaut |
|
| 245 | 1 | 0 |
_aNovedades y modificaciones que introduce en nuestra legislación el Código civil : _bconferencias pronunciadas en el Ateneo de Madrid / _cpor D. Aureliano Linares Rivas. |
| 260 |
_aMadrid : _b[s.n.], _c1889 _f(Campuzano, imp.) |
||
| 300 |
_a158 páginas ; _c24 cm. |
||
| 530 | _aDisponible en formato digital | ||
| 594 | _aContiene el texto de las 9 conferencias. | ||
| 610 | 2 | 4 |
_aAteneo de Madrid- _vConferencias- _yS.XIX. _91910 |
| 610 | 1 | 4 |
_aEspaña. _tCódigo civil, 1889 _93628 |
| 650 | 0 | 4 |
_aDerecho civil- _zEspaña _911659 |
| 650 |
_aCódigo civil- _zEspaña. _9135863 |
||
| 852 |
_aES-MaACL _cSPAL _hDonativo Roda _jC-3211 |
||
| 852 |
_aES-MaACL _cSPP3 _jG-15215 _xPasta |
||
| 856 |
_uhttp://bvrajyl.rajyl.es/i18n/consulta/registro.cmd?id=8163 _yVersión en línea _z(Biblioteca Virtual de la Real Academia de Jurisprudencia y Legislación) |
||
| 942 |
_cMONANT _n0 |
||
| 999 |
_c157757 _d157757 |
||